{"text_format":"3","workbook":"xlsx","n_sheets":1,"sheets":["t173"],"read":"whole","date_system":"1900"}

{"sheet":"t173","index":0,"n_rows":166,"n_cols":7,"rows_kept":166,"merged":[[0,0,0,6],[28,0,28,5],[40,0,40,5],[145,0,145,5]]}
["TABELA 173.1 - Estatísticas Agrícolas, Município de Espírito Santo do Turvo, Estado de São Paulo, 2016/17."]
["ITEM","UNIDADE","N.DE UPAs","MÍNIMO","MÉDIO","MÁXIMO","TOTAL"]
["Distância à sede do município","km",133,{"v":0,"d":"0.0"},{"v":8.74,"d":"8.7"},{"v":37,"d":"37.0"},"-"]
["Área total","hectare",133,1.2,{"v":140.43,"d":"140.4"},{"v":1639.6,"d":"1,639.6"},{"v":18677.68,"d":"18,677.7"}]
["Área com cultura perene","hectare",11,3.6,{"v":231.85,"d":"231.9"},{"v":1218.6,"d":"1,218.6"},{"v":2550.3,"d":"2,550.3"}]
["Área com cultura temporária","hectare",44,0.1,118.9,823.1,{"v":5231.8,"d":"5,231.8"}]
["Área com pastagem","hectare",103,{"v":1,"d":"1.0"},{"v":63.02,"d":"63.0"},817.2,{"v":6490.6,"d":"6,490.6"}]
["Área com reflorestamento","hectare",29,0.1,{"v":34.02,"d":"34.0"},303.7,986.7]
["Área com vegetação natural","hectare",98,0.1,{"v":10.87,"d":"10.9"},100.6,{"v":1065.5,"d":"1,065.5"}]
["Área com vegetação de brejo e várzea","hectare",34,0.2,{"v":4.34,"d":"4.3"},31.3,{"v":147.51,"d":"147.5"}]
["Área em descanso","hectare",10,1.6,{"v":202.66,"d":"202.7"},{"v":1436.5,"d":"1,436.5"},{"v":2026.6,"d":"2,026.6"}]
["Área complementar","hectare",111,0.1,{"v":1.61,"d":"1.6"},10.3,{"v":178.67,"d":"178.7"}]
["Área das UPAs com (0, 1] ha","hectare","-","-","-","-","-"]
["Área das UPAs com (1, 2] ha","hectare",2,1.2,{"v":1.25,"d":"1.3"},1.3,2.5]
["Área das UPAs com (2, 5] ha","hectare",6,2.4,{"v":3.62,"d":"3.6"},{"v":4.84,"d":"4.8"},{"v":21.74,"d":"21.7"}]
["Área das UPAs com (5, 10] ha","hectare",12,5.4,{"v":7.67,"d":"7.7"},9.6,{"v":92.01,"d":"92.0"}]
["Área das UPAs com (10, 20] ha","hectare",16,10.4,{"v":14.41,"d":"14.4"},19.3,230.5]
["Área das UPAs com (20, 50] ha","hectare",32,20.1,{"v":31,"d":"31.0"},48.7,{"v":992,"d":"992.0"}]
["Área das UPAs com (50, 100] ha","hectare",27,{"v":52.03,"d":"52.0"},{"v":78.56,"d":"78.6"},99.2,{"v":2121.23,"d":"2,121.2"}]
["Área das UPAs com (100, 200] ha","hectare",13,101.6,{"v":133.09,"d":"133.1"},{"v":191,"d":"191.0"},{"v":1730.2,"d":"1,730.2"}]
["Área das UPAs com (200, 500] ha","hectare",16,205.1,{"v":348.04,"d":"348.0"},490.7,{"v":5568.6,"d":"5,568.6"}]
["Área das UPAs com (500, 1.000] ha","hectare",6,514.3,{"v":615.78,"d":"615.8"},834.8,{"v":3694.7,"d":"3,694.7"}]
["Área das UPAs com (1.000, 2.000] ha","hectare",3,{"v":1047.5,"d":"1,047.5"},{"v":1408.07,"d":"1,408.1"},{"v":1639.6,"d":"1,639.6"},{"v":4224.2,"d":"4,224.2"}]
["Área das UPAs com (2.000, 5.000] ha","hectare","-","-","-","-","-"]
["Área das UPAs com (5.000, 10.000] ha","hectare","-","-","-","-","-"]
["Área das UPAs acima de 10.000 ha","hectare","-","-","-","-","-"]
["Fonte: Secretaria de Agricultura e Abastecimento, CDRS/IEA, Projeto LUPA."]
[]
["TABELA 173.2 - Explorações Animais, Município de Espírito Santo do Turvo, Estado de São Paulo, 2016/17."]
["ITEM","UNIDADE","N.DE UPAs","MÍNIMO","MÉDIO","MÁXIMO","TOTAL"]
["Asininos e muares","cabecas",8,{"v":1,"d":"1.0"},{"v":2.13,"d":"2.1"},{"v":4,"d":"4.0"},{"v":17,"d":"17.0"}]
["Bovinocultura de corte","cabecas",86,{"v":4,"d":"4.0"},96.1,{"v":1200,"d":"1,200.0"},{"v":8265,"d":"8,265.0"}]
["Bovinocultura leiteira","cabecas",28,{"v":2,"d":"2.0"},{"v":27.14,"d":"27.1"},{"v":120,"d":"120.0"},{"v":760,"d":"760.0"}]
["Bovinocultura mista","cabecas",22,{"v":4,"d":"4.0"},{"v":78.59,"d":"78.6"},{"v":700,"d":"700.0"},{"v":1729,"d":"1,729.0"}]
["Equinocultura","cabecas",59,{"v":1,"d":"1.0"},{"v":3.02,"d":"3.0"},{"v":20,"d":"20.0"},{"v":178,"d":"178.0"}]
["Ovinocultura","cabecas",3,{"v":20,"d":"20.0"},{"v":88.33,"d":"88.3"},{"v":213,"d":"213.0"},{"v":265,"d":"265.0"}]
["Piscicultura","m2 tanques",1,{"v":1500,"d":"1,500.0"},{"v":1500,"d":"1,500.0"},{"v":1500,"d":"1,500.0"},{"v":1500,"d":"1,500.0"}]
["Suinocultura","cabecas",1,{"v":17,"d":"17.0"},{"v":17,"d":"17.0"},{"v":17,"d":"17.0"},{"v":17,"d":"17.0"}]
["Fonte: Secretaria de Agricultura e Abastecimento, CDRS/IEA, Projeto LUPA."]
[]
["TABELA 173.3 -  Máquinas, Implementos e Benfeitorias, Município de Espírito Santo do Turvo, Estado de São Paulo, 2016/17."]
["ITEM","UNIDADE","N.DE UPAs","MÍNIMO","MÉDIO","MÁXIMO","TOTAL"]
["Arado comum (bacia, aiveca)","unidade",26,{"v":1,"d":"1.0"},{"v":1.08,"d":"1.1"},{"v":2,"d":"2.0"},{"v":28,"d":"28.0"}]
["Arado subsolador","unidade",4,{"v":1,"d":"1.0"},{"v":1.25,"d":"1.3"},{"v":2,"d":"2.0"},{"v":5,"d":"5.0"}]
["Carregadeira de cana","unidade",1,{"v":1,"d":"1.0"},{"v":1,"d":"1.0"},{"v":1,"d":"1.0"},{"v":1,"d":"1.0"}]
["Carreta de trator","unidade",24,{"v":1,"d":"1.0"},{"v":1.46,"d":"1.5"},{"v":4,"d":"4.0"},{"v":35,"d":"35.0"}]
["Colhedeira acoplada","unidade",1,{"v":1,"d":"1.0"},{"v":1,"d":"1.0"},{"v":1,"d":"1.0"},{"v":1,"d":"1.0"}]
["Computador","unidade",2,{"v":1,"d":"1.0"},{"v":3,"d":"3.0"},{"v":5,"d":"5.0"},{"v":6,"d":"6.0"}]
["Conj.irrigacao convencional","unidade",2,{"v":1,"d":"1.0"},{"v":1,"d":"1.0"},{"v":1,"d":"1.0"},{"v":2,"d":"2.0"}]
["Desintegrador, picador, triturador","unidade",22,{"v":1,"d":"1.0"},{"v":1.14,"d":"1.1"},{"v":4,"d":"4.0"},{"v":25,"d":"25.0"}]
["Distribuidor de calcario","unidade",10,{"v":1,"d":"1.0"},1.2,{"v":3,"d":"3.0"},{"v":12,"d":"12.0"}]
["Ensiladeira","unidade",10,{"v":1,"d":"1.0"},1.1,{"v":2,"d":"2.0"},{"v":11,"d":"11.0"}]
["Grade aradora (tipo romi)","unidade",21,{"v":1,"d":"1.0"},{"v":1.14,"d":"1.1"},{"v":2,"d":"2.0"},{"v":24,"d":"24.0"}]
["Grade niveladora","unidade",31,{"v":1,"d":"1.0"},{"v":1.06,"d":"1.1"},{"v":2,"d":"2.0"},{"v":33,"d":"33.0"}]
["Implementos para tracao animal","unidade",3,{"v":1,"d":"1.0"},{"v":2.33,"d":"2.3"},{"v":5,"d":"5.0"},{"v":7,"d":"7.0"}]
["Máquina de minimamente processsados","unidade",1,{"v":1,"d":"1.0"},{"v":1,"d":"1.0"},{"v":1,"d":"1.0"},{"v":1,"d":"1.0"}]
["Ordenhadeira mecanica","unidade",6,{"v":1,"d":"1.0"},{"v":1,"d":"1.0"},{"v":1,"d":"1.0"},{"v":6,"d":"6.0"}]
["Pulverizador tratorizado","unidade",16,{"v":1,"d":"1.0"},{"v":2.13,"d":"2.1"},{"v":12,"d":"12.0"},{"v":34,"d":"34.0"}]
["Resfriador de leite, tanque expansao","unidade",7,{"v":1,"d":"1.0"},{"v":1,"d":"1.0"},{"v":1,"d":"1.0"},{"v":7,"d":"7.0"}]
["Roçadeira costal","unidade",1,{"v":1,"d":"1.0"},{"v":1,"d":"1.0"},{"v":1,"d":"1.0"},{"v":1,"d":"1.0"}]
["Roçadeira tratorizada","unidade",9,{"v":1,"d":"1.0"},{"v":1.22,"d":"1.2"},{"v":3,"d":"3.0"},{"v":11,"d":"11.0"}]
["Roçadora","unidade",4,{"v":1,"d":"1.0"},{"v":2.25,"d":"2.3"},{"v":6,"d":"6.0"},{"v":9,"d":"9.0"}]
["Semeadeira/adubadeira para plantio convencional","unidade",11,{"v":1,"d":"1.0"},{"v":1,"d":"1.0"},{"v":1,"d":"1.0"},{"v":11,"d":"11.0"}]
["Semeadeira/plantadeira plantio direto","unidade",4,{"v":1,"d":"1.0"},{"v":1.25,"d":"1.3"},{"v":2,"d":"2.0"},{"v":5,"d":"5.0"}]
["Tecnologias de gps para controle de máquinas","unidade",1,{"v":1,"d":"1.0"},{"v":1,"d":"1.0"},{"v":1,"d":"1.0"},{"v":1,"d":"1.0"}]
["Terraceador","unidade",2,{"v":1,"d":"1.0"},{"v":1,"d":"1.0"},{"v":1,"d":"1.0"},{"v":2,"d":"2.0"}]
["Trator de pneus  acima de 85 cv","unidade",20,{"v":1,"d":"1.0"},2.1,{"v":10,"d":"10.0"},{"v":42,"d":"42.0"}]
["Trator de pneus até 65 cv","unidade",15,{"v":1,"d":"1.0"},1.2,{"v":2,"d":"2.0"},{"v":18,"d":"18.0"}]
["Trator de pneus de 66 cv a 85 cv","unidade",20,{"v":1,"d":"1.0"},{"v":1.85,"d":"1.9"},{"v":8,"d":"8.0"},{"v":37,"d":"37.0"}]
["Acude/represa","unidade",39,{"v":1,"d":"1.0"},{"v":1.26,"d":"1.3"},{"v":4,"d":"4.0"},{"v":49,"d":"49.0"}]
["Alambique","unidade",1,{"v":1,"d":"1.0"},{"v":1,"d":"1.0"},{"v":1,"d":"1.0"},{"v":1,"d":"1.0"}]
["Almoxarifado/oficina","unidade",8,{"v":1,"d":"1.0"},{"v":1,"d":"1.0"},{"v":1,"d":"1.0"},{"v":8,"d":"8.0"}]
["Armazem para graos ensacados","sacas",1]
["Balanca para bovinos","unidade",5,{"v":1,"d":"1.0"},1.2,{"v":2,"d":"2.0"},{"v":6,"d":"6.0"}]
["Balanca para veiculos","unidade",2,{"v":1,"d":"1.0"},1.5,{"v":2,"d":"2.0"},{"v":3,"d":"3.0"}]
["Barracao para bicho da seda/sirgaria","unidade",1,{"v":1,"d":"1.0"},{"v":1,"d":"1.0"},{"v":1,"d":"1.0"},{"v":1,"d":"1.0"}]
["Barracao/galpao/garagem","unidade",43,{"v":1,"d":"1.0"},{"v":1.14,"d":"1.1"},{"v":4,"d":"4.0"},{"v":49,"d":"49.0"}]
["Casa de moradia habitada","unidade",87,{"v":1,"d":"1.0"},{"v":2.37,"d":"2.4"},{"v":30,"d":"30.0"},{"v":206,"d":"206.0"}]
["Casa de moradia total","unidade",91,{"v":1,"d":"1.0"},2.6,{"v":30,"d":"30.0"},{"v":237,"d":"237.0"}]
["Curral/mangueira","unidade",79,{"v":1,"d":"1.0"},1.3,{"v":6,"d":"6.0"},{"v":103,"d":"103.0"}]
["Deposito/tulha","unidade",66,{"v":1,"d":"1.0"},{"v":1.15,"d":"1.2"},{"v":3,"d":"3.0"},{"v":76,"d":"76.0"}]
["Estabulo","unidade",16,{"v":1,"d":"1.0"},{"v":1.06,"d":"1.1"},{"v":2,"d":"2.0"},{"v":17,"d":"17.0"}]
["Estacao/posto meteorologico","unidade",1,{"v":2,"d":"2.0"},{"v":2,"d":"2.0"},{"v":2,"d":"2.0"},{"v":2,"d":"2.0"}]
["Estufa/plasticultura","m2",4]
["Maquina de beneficio","unidade",1,{"v":1,"d":"1.0"},{"v":1,"d":"1.0"},{"v":1,"d":"1.0"},{"v":1,"d":"1.0"}]
["Pocilga","unidade",3,{"v":1,"d":"1.0"},{"v":1,"d":"1.0"},{"v":1,"d":"1.0"},{"v":3,"d":"3.0"}]
["Poco semi-artesiano","unidade",48,{"v":1,"d":"1.0"},{"v":1.13,"d":"1.1"},{"v":3,"d":"3.0"},{"v":54,"d":"54.0"}]
["Silo para graos","ton",1]
["Silo para silagem","ton",5]
["Terreiro","m2",4]
["Usina de acucar/destilaria","unidade",1,{"v":1,"d":"1.0"},{"v":1,"d":"1.0"},{"v":1,"d":"1.0"},{"v":1,"d":"1.0"}]
["Fonte: Secretaria de Agricultura e Abastecimento, CDRS/IEA, Projeto LUPA."]
[]
["TABELA 173.4 - Outras Estatísticas Agrícolas, Município de Espírito Santo do Turvo, Estado de São Paulo, 2016/17."]
["ITEM","Número de UPAs",null,"Percentual"]
["Faz Parte de Associação de Produtores",44,null,{"v":33.0827067669173,"d":"33.1"}]
["Faz Parte de Cooperativa de Produtores",22,null,{"v":16.54135338345865,"d":"16.5"}]
["Faz Parte do Sindicato de Produtores",52,null,{"v":39.097744360902254,"d":"39.1"}]
["Não utiliza assistência técnica ",19,null,{"v":14.285714285714286,"d":"14.3"}]
["Utiliza somente assistência técnica governamental ",85,null,{"v":63.909774436090224,"d":"63.9"}]
["Utiliza somente assistência técnica privada ",8,null,{"v":6.015037593984962,"d":"6.0"}]
["Utiliza assistência técnica tanto governamental quanto privada",21,null,{"v":15.789473684210527,"d":"15.8"}]
["Utiliza Crédito Rural",55,null,{"v":41.35338345864662,"d":"41.4"}]
["Utiliza Seguro Rural",14,null,{"v":10.526315789473683,"d":"10.5"}]
["Utiliza Escrituração Agrícola",117,null,{"v":87.96992481203007,"d":"88.0"}]
["Acessa Internet p/ Fins na Agropecuária",44,null,{"v":33.0827067669173,"d":"33.1"}]
["Utiliza Computador nas Atividades Agropecuárias",28,null,{"v":21.052631578947366,"d":"21.1"}]
["Utiliza Energia Elétrica Para Uso na Atividade Agrícola",109,null,{"v":81.95488721804512,"d":"82.0"}]
["Utiliza Energia Alternativa","-",null,"-"]
["Realiza Análise de Solo, quando necessário",90,null,{"v":67.66917293233082,"d":"67.7"}]
["Realiza Calagem",73,null,{"v":54.88721804511278,"d":"54.9"}]
["Utiliza Práticas de Conservação de Solo, quando necessário",125,null,{"v":93.98496240601503,"d":"94.0"}]
["Faz Adubação Mineral, quando necessário",89,null,{"v":66.9172932330827,"d":"66.9"}]
["Faz Adubação Orgânica, quando necessário",21,null,{"v":15.789473684210527,"d":"15.8"}]
["Faz Adubação Verde, quando necessário",11,null,{"v":8.270676691729324,"d":"8.3"}]
["Utiliza Manejo Integrado de Pragas (MIP)",1,null,{"v":0.7518796992481203,"d":"0.8"}]
["Utiliza Hidroponia","-",null,"-"]
["Utiliza Cultivo em Estufa",3,null,{"v":2.255639097744361,"d":"2.3"}]
["Utiliza Mudas Fiscalizadas",37,null,{"v":27.819548872180448,"d":"27.8"}]
["Utiliza Semente Melhorada",34,null,{"v":25.563909774436087,"d":"25.6"}]
["Faz Confinamento de Bovinos",7,null,{"v":5.2631578947368425,"d":"5.3"}]
["Utiliza Pastejo Intensivo",78,null,{"v":58.64661654135338,"d":"58.6"}]
["Faz Inseminação Artificial",4,null,{"v":3.007518796992481,"d":"3.0"}]
["Faz Mineralização do Rebanho",93,null,{"v":69.92481203007519,"d":"69.9"}]
["Faz Vermifugação do Rebanho",93,null,{"v":69.92481203007519,"d":"69.9"}]
["Possui Parceiros /Arrendatários na Exploração Animal",31,null,{"v":23.308270676691727,"d":"23.3"}]
["Existência de trabalhadores c/ deficiência na UPA","-",null,"-"]
["Esporte e lazer",1,null,{"v":0.7518796992481203,"d":"0.8"}]
["Extração mineral","-",null,"-"]
["Hotel Fazenda, Pousada ou SPA","-",null,"-"]
["Pesque-pague",1,null,{"v":0.7518796992481203,"d":"0.8"}]
["Restaurante ou Lanchonete",1,null,{"v":0.7518796992481203,"d":"0.8"}]
["Transformação artesanal","-",null,"-"]
["Turismo rural ou ecoturismo","-",null,"-"]
["Outras atividades econômicas rurais",1,null,{"v":0.7518796992481203,"d":"0.8"}]
["Agroindústria",1,null,{"v":0.7518796992481203,"d":"0.8"}]
["Proprietário sem instrução ou com instrução incompleta",3,null,{"v":2.255639097744361,"d":"2.3"}]
["Proprietário com antigo primário completo",49,null,{"v":36.8421052631579,"d":"36.8"}]
["Proprietário com 1° grau (ou antigo ginasial) completo",10,null,{"v":7.518796992481203,"d":"7.5"}]
["Proprietário com 2° grau (ou antigo colegial) completo",24,null,{"v":18.045112781954888,"d":"18.0"}]
["Proprietário com curso superior completo ",41,null,{"v":30.827067669172934,"d":"30.8"}]
["Pessoa Jurídica",6,null,{"v":4.511278195488722,"d":"4.5"}]
["Proprietário residente na própria UPA ",45,null,{"v":33.83458646616541,"d":"33.8"}]
["Fonte: Secretaria de Agricultura e Abastecimento, CDRS/IEA, Projeto LUPA."]
[]
["TABELA 173.5 - Área Cultivada, Município de Espírito Santo do Turvo, Estado de São Paulo, 2016/17."]
["CULTURA","N.DE UPAs","MÍNIMO","MÉDIO","MÁXIMO","TOTAL"]
["Braquiaria",100,{"v":1,"d":"1.0"},{"v":64.65,"d":"64.7"},817.2,{"v":6464.6,"d":"6,464.6"}]
["Cana-de-acucar finalidade industria",27,{"v":12,"d":"12.0"},{"v":177.08,"d":"177.1"},823.1,{"v":4781.2,"d":"4,781.2"}]
["Laranja Industria",5,{"v":174,"d":"174.0"},{"v":484,"d":"484.0"},{"v":1218.6,"d":"1,218.6"},{"v":2420,"d":"2,420.0"}]
["Eucalipto",29,0.1,{"v":34.02,"d":"34.0"},303.7,986.7]
["Soja",7,14.5,{"v":54.29,"d":"54.3"},138.6,{"v":380,"d":"380.0"}]
["Milho 2 safra",2,14.9,{"v":76.75,"d":"76.8"},138.6,153.5]
["Macadamia (ou noz-macadamia)",3,{"v":12,"d":"12.0"},{"v":33,"d":"33.0"},{"v":47,"d":"47.0"},{"v":99,"d":"99.0"}]
["Cana-de-acucar outras finalidades",4,1.5,{"v":7.18,"d":"7.2"},{"v":20,"d":"20.0"},28.7]
["Coloniao",4,{"v":5,"d":"5.0"},6.5,{"v":10,"d":"10.0"},{"v":26,"d":"26.0"}]
["Melancia",1,14.5,14.5,14.5,14.5]
["Milho-silagem",2,4.5,{"v":7.25,"d":"7.3"},{"v":10,"d":"10.0"},14.5]
["Abacate",2,3.6,{"v":6,"d":"6.0"},8.4,{"v":12,"d":"12.0"}]
["Urucum (ou urucu)",1,{"v":12,"d":"12.0"},{"v":12,"d":"12.0"},{"v":12,"d":"12.0"},{"v":12,"d":"12.0"}]
["Milho safra",3,0.9,2.8,{"v":5,"d":"5.0"},8.4]
["Lichia",1,7.3,7.3,7.3,7.3]
["Pimentao",3,0.1,{"v":0.77,"d":"0.8"},{"v":2,"d":"2.0"},2.3]
["Maracuja",1,{"v":2,"d":"2.0"},{"v":2,"d":"2.0"},{"v":2,"d":"2.0"},{"v":2,"d":"2.0"}]
["Tomate envarado",1,0.2,0.2,0.2,0.2]
["Fonte: Secretaria de Agricultura e Abastecimento, CDRS/IEA, Projeto LUPA."]